000
00215nam a2200085Ia 4500
245
0
_a
Rumour has it
100
_a
MANSELL, Jill London, 2009
_9
81720
942
_c
BK
008
210817s9999 xx 000 0 und d
999
_c
292567
_d
292568